00718cam a2200181u 45000010008000000030004000080050017000120080041000290100017000700400019000870500016001061000024001222450203001462600057003493000025004066500059004317000046004909724015OSt20200305093957.0821206s1940 enk 000 0aeng  a 41015633  aDLCcCarPdDLC00aPE1591b.N81 aNuttall, P. Austin.14aThe Nuttall dictionary of English synonyms and antonyms,bcontaining over 10,000 words in current use, arranged alphabetically, showing upwards of 70,000 parallel expressions with opposite examples, aLondon and New York,bF. Warne and co., ltd.c[1940] aviii, 272 p.c21 cm. 0aEnglish languagexSynonyms and antonymsvDictionaries.1 aChrist, G. Elgie, [from old catalog]eed.